| 000 | 00590nam a2200193Ia 4500 | ||
|---|---|---|---|
| 008 | 191130s2002##################000#0#eng## | ||
| 020 | _a9780415267175 | ||
| 040 |
_aACL _cACL |
||
| 082 | _a301.092 FIR | ||
| 245 |
_aBronislaw Malinowski: man and culture: an evaluation of the work of Malinowski _cedited by Raymond Firth |
||
| 260 |
_aLondon ; New York _bRoutledge _c2002 |
||
| 300 | _aviii, 292 p. ; 23 cm. | ||
| 500 | _aIncludes Index | ||
| 650 | _aSocial Science | ||
| 700 | _aFirth, Raymond | ||
| 990 | _a9bc021b9ac10000c258a7540c9ab184d | ||
| 991 | _a210916 | ||
| 999 |
_c120375 _d120375 |
||